000
00210 a2200097 4500
001
52966
100
_a
Bellamy J C
245
_a
Digital Telephony
260
_a
New York
_b
John Wiley
_c
090
_c
33296
_d
33296
942
_a
NUST-CAE
_c
M
_c
25887
999
_c
288039
_d
288039